000 00735nam a2200181Ia 4500
008 190422s9999 xx 000 0 und d
100 _aSollner, Matthias
245 _aProcess is king: Evaluating the performance of technology- mediated learning in vocational software training /
245 _cMatthias Sollner, Phillip Bitzer, Andreas Janson and Jan Marco Leimeister.--
260 _bAssociation for Information Technology Trust
260 _c2018
300 _apages 233-254, September 2018
440 _aJournal of Information Technology
_v33(3)
650 _aHolistic Evaluation of Performance
650 _aPercieved TML Process Quality
650 _aTechnology-mediated Learning
650 _aVocational Softwae Training
999 _c361457
_d361457